New concessions over rents (Record no. 70644)

MARC details
000 -LEADER
fixed length control field 00927cam a2200205 4500
001 - CONTROL NUMBER
control field WB3824-14
008 - FIXED-LENGTH DATA ELEMENTS--GENERAL INFORMATION
fixed length control field 020702n2002 000 0 eng u
035 ## - SYSTEM CONTROL NUMBER
System control number (Sirsi) u118630
245 ## - TITLE STATEMENT
Title New concessions over rents
260 ## - PUBLICATION, DISTRIBUTION, ETC.
Date of publication, distribution, etc. 2002
490 ## - SERIES STATEMENT
Series statement Inside Housing
Volume/sequential designation 28 June 2002, 1(1)
520 ## - SUMMARY, ETC.
Summary, etc. Under plans to reform social housing rents, government will compensate councils in high-value areas for revenue lost through caps imposed by rent restructuring. In another concession, government has ruled out a proposal that would have made it mandatory for councils to list rents and service charges separately. Further information on social housing rent reforms available at http://www.housing.odpm.gov.uk/information/index19.htm
590 ## - LOCAL NOTE (RLIN)
Local note WB
650 ## - SUBJECT ADDED ENTRY--TOPICAL TERM
Topical term or geographic name entry element RENT REFORM
650 ## - SUBJECT ADDED ENTRY--TOPICAL TERM
Topical term or geographic name entry element LOCAL AUTHORITIES
650 ## - SUBJECT ADDED ENTRY--TOPICAL TERM
Topical term or geographic name entry element COUNCIL RENTS
650 ## - SUBJECT ADDED ENTRY--TOPICAL TERM
Topical term or geographic name entry element SOCIAL HOUSING
690 ## - LOCAL SUBJECT ADDED ENTRY--TOPICAL TERM (OCLC, RLIN)
Topical term or geographic name as entry element Affordable housing
9 (RLIN) 6215
942 ## - ADDED ENTRY ELEMENTS (KOHA)
Suppress in OPAC 0
Holdings
Withdrawn status Lost status Source of classification or shelving scheme Damaged status Not for loan Home library Current library Shelving location Date acquired Total Checkouts Full call number Barcode Date last seen Copy number Price effective from Koha item type
    Dewey Decimal Classification     London London News article 02/07/2002   WB3824-14 118630-1001 06/08/2019 1 06/08/2019 News article